000 00623nam a2200229Ia 4500
003 OSt
005 20220924113122.0
006 a|||||r|||| 00| 0
007 ta
008 220923b |||||||| |||| 00| 0 eng d
024 _a60476
037 _cDictionary
040 _aARTS
_cARTS
_beng
041 _2eng
_aeng
082 _aP1511:4k, 111D0 (Q4)
100 _aMoggallana Thero
_9169505
245 0 _aAbhidhanappadipika or dictionary of the Pali language
260 _c1900
650 _aLINGUISTICS
942 _hP1511:4k, 111D0 (Q4)
_cdic
_2cc
999 _c389285
_d389285